000 01208cad a22002295a 4500
001 E147530
008 090520s2009 xxkd f s000 0 eng d
035 _a(Sirsi) u147530
041 0 _aeng
050 0 4 _a333.72 $2 18
110 2 _aScotland
_bScottish Government
_95344
245 0 0 _aEnergy sector
_bkey sector report
_h[electronic resource]
260 _aEdinburgh
_bScottish Government
_c2009
505 2 _aOverview: context; importance of the energy sector to the Scottish economy; rationale for Key Sector Status; overall objectives of current activity; national conversation; international dimension; public roles -- Challenges and opportunities: challenges; economic prospects for the energy industry; opportunities -- A greener deal for Scotland -- Way forward
520 _aExamines the importance of energy to Scotland's economy, and looks at possible directions for energy policy in the future. Tables.
521 _aAdvanced
590 _aKA
651 4 _aScotland
_y1999-
690 _aENVIRONMENTAL AND LAND CONSULTANCY-ENERGY
856 4 0 _uhttps://www.scotland.gov.uk/Publications/2009/05/energysectorreport/pdf
_zView the report free of charge at www.scotland.gov.uk...
942 _n0
999 _c109601
_d109601